| 000 | 00922nam a2200313 a 4500 | ||
|---|---|---|---|
| 003 | AR-BaBNM | ||
| 005 | 20251128205834.0 | ||
| 008 | 082120s2002 ||||||||||||||000 | spa|| | ||
| 020 | _a987-99850-1-X | ||
| 040 | _cAR-BaBNM | ||
| 100 | 1 | _aChindemi, Norberto | |
| 245 | 0 | 0 |
_aHistoria y política _bfunción política de la Historia. 1 |
| 260 |
_aBuenos Aires _bLos Nacionales _c[s.f.] |
||
| 300 |
_a123 p. _bláms. |
||
| 500 | _aEsta obra forma parte del archivo personal de Patricio J.Maguirre | ||
| 600 | 1 | 4 | _aRoca, Julio Argentino |
| 600 | 1 | 4 | _aMitre, Bartolomé |
| 600 | 1 | 4 |
_aSarmiento, Domingo Faustino _d1868-1874 |
| 650 | 4 | _aHISTORIA ARGENTINA | |
| 650 | 4 | _aPOLITICA | |
| 650 | 4 | _aHISTORIA DE LAS IDEAS | |
| 650 | 4 | _aIDEOLOGIAS POLITICAS | |
| 650 | 4 | _aNACIONALISMO | |
| 650 | 4 | _aNACIONALISMO CULTURAL | |
| 650 | 4 | _aIDENTIDAD NACIONAL | |
| 651 | 4 | _aArgentina | |
| 942 | _cBK | ||
| 998 | _cMariana | ||
| 999 |
_c13004 _d13004 |
||